<?xml version="1.0" encoding="UTF-8"?><?xml-stylesheet type="text/xsl" href="static/style.xsl"?><OAI-PMH xmlns="http://www.openarchives.org/OAI/2.0/" xmlns:xsi="http://www.w3.org/2001/XMLSchema-instance" xsi:schemaLocation="http://www.openarchives.org/OAI/2.0/ http://www.openarchives.org/OAI/2.0/OAI-PMH.xsd"><responseDate>2026-06-02T03:16:20Z</responseDate><request verb="GetRecord" identifier="oai:riuma.uma.es:10630/46070" metadataPrefix="marc">https://riuma.uma.es/rest/oai/request</request><GetRecord><record><header><identifier>oai:riuma.uma.es:10630/46070</identifier><datestamp>2026-03-17T00:45:29Z</datestamp><setSpec>com_10630_1685</setSpec><setSpec>col_10630_38084</setSpec></header><metadata><record xmlns="http://www.loc.gov/MARC21/slim" xmlns:dcterms="http://purl.org/dc/terms/" xmlns:doc="http://www.lyncode.com/xoai" xmlns:xsi="http://www.w3.org/2001/XMLSchema-instance" xsi:schemaLocation="http://www.loc.gov/MARC21/slim http://www.loc.gov/standards/marcxml/schema/MARC21slim.xsd">
   <leader>00925njm 22002777a 4500</leader>
   <datafield ind2=" " ind1=" " tag="042">
      <subfield code="a">dc</subfield>
   </datafield>
   <datafield ind2=" " ind1=" " tag="720">
      <subfield code="a">Gálvez-Criado, Antonio</subfield>
      <subfield code="e">author</subfield>
   </datafield>
   <datafield ind2=" " ind1=" " tag="260">
      <subfield code="c">2015</subfield>
   </datafield>
   <datafield ind2=" " ind1=" " tag="520">
      <subfield code="a">El Diploma de Especialización en Derecho de Familia y Género tiene como finalidad la formación de jueces y magistrados de Perú y Chile y se desarrolla en módulos o bloques en formato online, donde se lleva a cabo un estudio comparativo entre el Derecho español y el peruano y chileno, de manera que la aplicación del Derecho español y sus principios informadores en estas materias pudieran servir de base para la aplicación judicial del Derecho peruano y chileno.
Esta parte está compuesta por dos temas: "La protección jurídica de las personas con discapacidad" y "Régimen jurídico de uniones de hecho y matrimonio entre personas del mismo sexo".</subfield>
   </datafield>
   <datafield ind1="8" ind2=" " tag="024">
      <subfield code="a">https://hdl.handle.net/10630/46070</subfield>
   </datafield>
   <datafield tag="653" ind2=" " ind1=" ">
      <subfield code="a">Personas con discapacidad - Estatuto jurídico</subfield>
   </datafield>
   <datafield tag="653" ind2=" " ind1=" ">
      <subfield code="a">Parejas no casadas (Derecho)</subfield>
   </datafield>
   <datafield ind2="0" ind1="0" tag="245">
      <subfield code="a">Protección jurídica de las personas con discapacidad. Régimen jurídico de las uniones de hecho y matrimonio entre personas del mismo sexo (Diploma de Especialización en Derecho de Familia y Género)</subfield>
   </datafield>
</record>
</metadata></record></GetRecord></OAI-PMH>